LEADER 01045nam a2200253 u 4500 001 000000091713 003 CaOOAMICUS 005 20070226124847.0 008 060327s1982 gw u000 u ger u 020 $a3608910697 035 $a11083076 040 $aPUL(R)$bita 100 1 $aSöring, Jürgen,$d1943-$0(OLS)http://pul/name/59142 245 10$aTragödie :$bNotwendigkeit und Zufall im Spannungsfeld tragischer Prozesse /$cJürgen Söring. 260 $aStuttgard :$bKlett-Cotta,$c1982. 300 $a398 p. ;$c23 cm 504 $aBibliografia in nota. 650 4$aTragedia.$0(OLS)http://pul/subject/25376 850 $aPUL 852 $aPUL$W1$xDP1 Fondo Seidl$y56$m2 C 31$j27110$nBK-PRI$b $qFondi$B115467$CPULBib$Z2$F115467 $HPUL91649 $81 941 1 $a1 996 $6020$a3608910697$9(OLS)http://pul/number/120250 996 $6245$aTragödie :$bNotwendigkeit und Zufall im Spannungsfeld tragischer Prozesse$9(OLS)http://pul/title/118359 996 $6260$aStuttgard :$bKlett-Cotta$9(OLS)http://pul/publisher/78889 LEADER 01283naa a2200277 u 4500 001 000000094107 003 CaOOAMICUS 005 20070226130136.0 008 010730m19941995fr u000 u fre u 035 $a10898952 040 $aPUL(R)$bita 100 1 $aVasseur, Michel,$d1921-$0(OLS)http://pul/name/60521 245 14$aLes transfert internationaux des fonds :$bla loi type des Nations Unies sur les virements internationaux : les cartes de débit /$cpar Michel Vasseur. 260 $a[S. l. :$bs. n.],$c1994-1995. 300 $aP. [117-405] 504 $aBibliografia in nota. 610 24$aUnited Nations.$0(OLS)http://pul/subject/28654 650 4$aDiritto commerciale internazionale.$0(OLS)http://pul/subject/25158 773 0 $tRecueil des cours$gv.II (1993) 773 0 $tRecueil des cours 1993 : collected courses of The Hague Academy of International Law$w()60684 960 $aUnited Nations Organisation$928654 960 $aNazioni Unite$928654 960 $aOrganizzazione delle Nazioni Unite$928654 960 $aONU$928654 996 $6245$aLes transfert internationaux des fonds :$bla loi type des Nations Unies sur les virements internationaux : les cartes de débit$9(OLS)http://pul/title/120963 996 $6260$a[S. l. :$bs. n.]$9(OLS)http://pul/publisher/47882 LEADER 01130nam a2200265 u 4500 001 000000084049 003 CaOOAMICUS 005 20070226124033.0 008 050608s1952 it abdf u000 u ita u 035 $a11049171 040 $aPUL(R)$bita 100 1 $aMoscati, Sabatino,$d1922-1997.$0(OLS)http://pul/name/4142 245 12$aL'Oriente antico /$cdi Sabatino Moscati con la collaborazione di S. Bosticco. 260 $aMilano :$bVallardi,$c1952. 300 $axii, 137 p. : [31] c. di tav. :$bc. geogr. ripieg., diagr., ill. ;$c26 cm 490 1 $aStoria universale 504 $aBibliografia: p. [109]-120. 650 4$aStoria antica$zOriente.$0(OLS)http://pul/subject/28461 700 1 $aBosticco, Sergio.$0(OLS)http://pul/name/55424 830 0$aStoria universale (Vallardi).$0(OLS)http://pul/title/109427 850 $aPUL 852 $aPUL$W1$xDP1 Fondo Cecchetti$y53$m268 I 14$j106915$nBK-PRI$b $qFondi$B106915$CPULBib$Z2$F106915 $HPUL2594 $81 941 1 $a1 996 $6245$aL'Oriente antico$9(OLS)http://pul/title/109426 996 $6260$aMilano :$bVallardi$9(OLS)http://pul/publisher/47937